LEADER 01064nam a2200241 a 4500 001 000000119912 003 CaOOAMICUS 005 20100211160825.0 008 100211t2009 it u000 u ita r 020 $a978-88-15-12787-7 040 $aPUL$bita$dReb 100 1 $aElia, Leopoldo,$d1925-2008.$0(OLS)http://pul/name/11546 245 10$aCostituzione, partiti, istituzioni /$cLeopoldo Elia. 260 $aBologna :$bIl Mulino,$cİ2009. 300 $axix, 470 p. ;$c21 cm. 490 1 $aCollezione di testi e di studi.$aDiritto 504 $aInclude riferimenti bibliografici ed indice. 830 0$aCollezione di testi e di studi.$pDiritto.$0(OLS)http://pul/title/17552 850 $aPUL 852 $aPUL$W1$xSL Diritto e Scienze Sociali 3$y79$m342. 45 ELILE 1$j137563$qDDC 21$B136660$CPULBib$Z2$F136660 $H112783 $82 996 $6020$a978-88-15-12787-7$9(OLS)http://pul/number/143235 996 $6245$aCostituzione, partiti, istituzioni$9(OLS)http://pul/title/150866 996 $6260$aBologna :$bIl Mulino$9(OLS)http://pul/publisher/47928 LEADER 01132nam a2200277 a 4500 001 000000124211 003 CaOOAMICUS 005 20110204115702.0 008 110204s2005 it u000 u ita r 020 $a978-88-203-3648-6 040 $aPUL$bita 082 04$a302.23 245 00$aMedia audiences /$ca cura di Marie Gillespie ; edizione italiana a cura di Michele Sorice. 260 $aMilano :$bUlrico Hoepli,$cİ2005. 300 $axviii, 218 p. :$bill. ;$c26 cm 650 4$aMass media.$0(OLS)http://pul/subject/21149 700 1 $aGillespie, Marie,$d1953-$0(OLS)http://pul/name/78417 700 1 $aSorice, Michele.$0(OLS)http://pul/name/70498 850 $aPUL 852 $aPUL$W1$xSL Diritto e Scienze Sociali 3$y79$m302. 23 GILMA 1$j143022$qDDC 21$B142040$CPULBib$Z2$F142040 $H115515 $82 941 1 $a9 996 $6020$a978-88-203-3648-6$9(OLS)http://pul/number/146274 996 $6082$a302.23$9(OLS)http://pul/classification/1682 996 $6245$aMedia audiences$9(OLS)http://pul/title/156580 996 $6260$aMilano :$bUlrico Hoepli$9(OLS)http://pul/publisher/56667